Opuestos. (Record no. 29382)
[ view plain ]
| 000 -LEADER | |
|---|---|
| fixed length control field | 00983nam a2200277Ia 4500 |
| 001 - CONTROL NUMBER | |
| control field | 28013216 |
| 003 - CONTROL NUMBER IDENTIFIER | |
| control field | OCoLC |
| 005 - DATE AND TIME OF LATEST TRANSACTION | |
| control field | 20240317191446.0 |
| 008 - FIXED-LENGTH DATA ELEMENTS--GENERAL INFORMATION | |
| fixed length control field | 930430s1992 ag a j 000 1 spa d |
| 020 ## - INTERNATIONAL STANDARD BOOK NUMBER | |
| International Standard Book Number | 9501109062 |
| 020 ## - INTERNATIONAL STANDARD BOOK NUMBER | |
| International Standard Book Number | 9789501109061 |
| 040 ## - CATALOGING SOURCE | |
| Original cataloging agency | CS1 |
| Transcribing agency | CS1 |
| Modifying agency | JRK |
| 041 1# - LANGUAGE CODE | |
| Language code of text/sound track or separate title | spa |
| Language code of original | eng |
| 130 0# - MAIN ENTRY--UNIFORM TITLE | |
| Uniform title | My first look at-- opposites. |
| Language of a work | Spanish. |
| 245 10 - TITLE STATEMENT | |
| Title | Opuestos. |
| 260 ## - PUBLICATION, DISTRIBUTION, ETC. (IMPRINT) | |
| Place of publication, distribution, etc. | Buenos Aires : |
| Name of publisher, distributor, etc. | Sigmar, |
| Date of publication, distribution, etc. | c1992. |
| 300 ## - PHYSICAL DESCRIPTION | |
| Extent | 1 v. (unpaged) : |
| Other physical details | illustrations ; |
| Dimensions | 20 cm. |
| 490 0# - SERIES STATEMENT | |
| Series statement | Primeras imagenes. |
| 500 ## - GENERAL NOTE | |
| General note | Translation of: My first look at-- opposites. |
| 500 ## - GENERAL NOTE | |
| General note | "Un libro Dorling Kindersley"-- Title page verso. |
| 520 ## - SUMMARY, ETC. | |
| Summary, etc. | Photographs depict such opposites as big and little, up and down, full and empty, in and out, and open and closed. |
| 650 #0 - SUBJECT ADDED ENTRY--TOPICAL TERM | |
| Topical term or geographic name as entry element | Spanish language |
| General subdivision | Synonyms and antonyms |
| Form subdivision | Juvenile fiction. |
| 650 #7 - SUBJECT ADDED ENTRY--TOPICAL TERM | |
| Topical term or geographic name as entry element | Espa©łol |
| General subdivision | Sinonimos y antonimos |
| -- | Novela juvenil. |
| Source of heading or term | bidex. |
| 655 #7 - INDEX TERM--GENRE/FORM | |
| Genre/form data or focus term | Picture books. |
| Source of term | lcgft. |
| 942 ## - ADDED ENTRY ELEMENTS (KOHA) | |
| Koha item type | Libro/Book |
| Source of classification or shelving scheme | Dewey Decimal Classification |
| Withdrawn status | Lost status | Damaged status | Not for loan | Home library | Current library | Date acquired | Total Checkouts | Barcode | Date last seen | Date checked out | Price effective from | Koha item type |
|---|---|---|---|---|---|---|---|---|---|---|---|---|
| San Juan Del Sur -- Mobile | Las delicias | 04/03/2024 | 2 | 33016111 | 10/10/2024 | 29/05/2024 | 04/03/2024 | Libro/Book |